[Event "It (cat.7/8)"]
[Site "masterchessopen.com Haringey (England)"]
[Round "0"]
[White "Iclicki Willy (MNC)"]
[Black "Ward Christopher (ENG)"]
[Result "0-1"]
[WhiteElo "2044"]
[BlackElo "2325"]

1.d4 Nf6 2.c4 e6 3.Nc3 Bb4 4.e3 b6 5.Ne2 Ne4 6.Bd2 Nxd2 7.Qxd2 O-O 8.a3 Be7
9.d5 d6 10.g3 Bb7 11.Bg2 c5 12.O-O e5 13.f4 exf4 14.exf4 Bc8 15.a4 Bg4 16.Bf3
Bxf3 17.Rxf3 Nd7 18.a5 bxa5 19.Ne4 f5 20.N4c3 Rb8 21.Qc2 Bf6 22.Rb1 a6 23.Kg2
g6 24.h3 Nb6 25.b3 Qd7 26.Re3 Rfe8 27.Rxe8+ Qxe8 28.g4 Qe3 29.gxf5 gxf5 30.Rf1
Bxc3 31.Nxc3 Rb7 32.Ne2 Rg7+ 33.Kh2 Nd7 34.Rg1 Qf2+ 35.Kh1 Rxg1+ {#R} 0-1

[Event "Ch URS (club)"]
[Site "masterchessopen.com Naberezhnye Chelny (Russia)"]
[Round "0"]
[White "Piskov Yury (RUS)"]
[Black "Smirnov Valerij (BLR)"]
[Result "0-1"]
[WhiteElo "2415"]
[BlackElo "2360"]

1.d4 Nf6 2.c4 e6 3.Nc3 Bb4 4.e3 b6 5.Ne2 O-O 6.a3 Bxc3+ 7.Nxc3 d5 8.Be2 Bb7
9.cxd5 Nxd5 10.O-O Nd7 11.Bd3 Nxc3 12.bxc3 Qh4 13.f3 c5 14.e4 Rfd8 15.Be3 Rac8
16.Qd2 h6 17.f4 cxd4 18.cxd4 Nf6 19.Rae1 Ng4 20.g3 Qh3 21.Qb2 Rc3 {#R} 0-1

[Event "It (open)"]
[Site "masterchessopen.com Pau (France)"]
[Round "0"]
[White "Lutz Richard (GER)"]
[Black "Marciano David (FRA)"]
[Result "1-0"]
[WhiteElo "2250"]
[BlackElo "2522"]

1.d4 Nf6 2.c4 e6 3.Nc3 Bb4 4.e3 b6 5.Ne2 Bb7 6.a3 Be7 7.d5 O-O 8.Ng3 d6 9.Be2
c6 10.e4 cxd5 11.cxd5 exd5 12.exd5 Na6 13.O-O Nc7 14.Bf3 Qd7 15.b3 Rfe8 16.Bb2
Bf8 17.Qd2 h6 18.Rfd1 Rac8 19.Qf4 Re5 20.Nce4 Nfxd5 21.Qh4 Ree8 22.Nh5 Qf5
23.Nef6+ gxf6 24.Bxd5 Nxd5 25.Rxd5 Bxd5 26.Nxf6+ Kh8 27.Nxe8+ f6 28.Nxf6 Bg7
29.Nxd5 Bxb2 30.Qxh6+ Qh7 31.Qe6 Rd8 32.Re1 Be5 33.f4 Bd4+ 34.Kh1 Bf2 35.Qf6+
{#r} 1-0

[Event "Ch Romania"]
[Site "masterchessopen.com Predeal (Romania)"]
[Round "0"]
[White "Dumitrache Dragos-Nicolae (ROM)"]
[Black "Foisor Ovidiu Doru (ROM)"]
[Result "1-0"]
[WhiteElo "2454"]
[BlackElo "2381"]

1.d4 Nf6 2.c4 e6 3.Nc3 Bb4 4.e3 b6 5.Ne2 Bb7 6.a3 Be7 7.Ng3 d5 8.cxd5 exd5
9.Bd3 g6 10.O-O O-O 11.Bd2 c5 12.Rc1 Nc6 13.Nce2 Re8 14.b4 c4 15.Bc2 b5 16.Bc3
a5 17.Qd2 Bd6 18.Rb1 axb4 19.axb4 Qe7 20.Rb2 h5 21.Re1 h4 22.Nf1 Ne4 23.Bxe4
Qxe4 24.f3 Qf5 25.e4 dxe4 26.Ne3 Qg5 27.f4 Bxf4 28.Nxf4 Qxf4 29.Rf1 Qg5 30.d5
Ne5 31.Qd4 Rad8 32.Rbf2 Bxd5 33.Nxd5 Rxd5 34.Qxe4 Rd3 35.Rxf7 Rxc3 36.Qb7 Nxf7
37.Qxf7+ Kh8 38.Qxe8+ {#r} 1-0

[Event "It (cat.9)"]
[Site "masterchessopen.com Rome (Italy)"]
[Round "0"]
[White "Tatai Stefano (ITA)"]
[Black "Hansen Curt (DEN)"]
[Result "0-1"]
[WhiteElo "2380"]
[BlackElo "2520"]

1.d4 Nf6 2.c4 e6 3.Nc3 Bb4 4.e3 b6 5.Ne2 Ne4 6.Qc2 Bb7 7.a3 Bxc3+ 8.Nxc3 Nxc3
9.Qxc3 O-O 10.b3 d6 11.Bb2 Qf6 12.h4 Nd7 13.f3 Qh6 14.O-O-O f5 15.Kb1 Rae8
16.Qd2 e5 17.d5 f4 18.e4 Nf6 19.b4 Nh5 20.Bd3 Ng3 21.Rh2 Re7 22.Rc1 c5 23.dxc6
Bxc6 24.Bc2 Be8 25.c5 bxc5 26.bxc5 dxc5 27.Bb3+ Bf7 28.Bxf7+ Kxf7 29.Rxc5 Rb8
30.Ka2 Qb6 31.Qc2 Qa6 32.Bxe5 Rxe5 33.Rxe5 Kf6 34.Rf5+ Nxf5 35.Qc3+ Nd4 {#R}
0-1

[Event "It (cat.7)"]
[Site "masterchessopen.com Bern (Switzerland)"]
[Round "0"]
[White "Herzog Juerg (SUI)"]
[Black "Klinger Josef (AUT)"]
[Result "0-1"]
[WhiteElo "2300"]
[BlackElo "1981"]

1.d4 e6 2.c4 Nf6 3.Nc3 Bb4 4.e3 b6 5.Ne2 Bb7 6.a3 Bd6 7.Ng3 h5 8.d5 c6 9.dxe6
dxe6 10.Be2 Bc7 11.O-O Qe7 12.f4 Nbd7 13.b4 O-O-O 14.Qa4 Ng4 15.h3 Qh4 16.Nh1
g5 17.Bf3 gxf4 18.Bxc6 fxe3 19.g3 Qxh3 20.Ra2 Nc5 21.bxc5 Rd2 22.Rxf7 Qh2+
23.Kf1 e2+ 24.Ke1 Bxg3+ 25.Kxd2 e1=Q+ 26.Kd3 Ne5+ 27.Kd4 Qhg1+ 28.Nf2 Bxf2+
29.Raxf2 Nxc6+ {#R} 0-1

[Event "It (open)"]
[Site "masterchessopen.com Bled (Slovenia)"]
[Round "0"]
[White "Raicevic Ivica (SRB)"]
[Black "Bistric Faruk (BIH)"]
[Result "1-0"]
[WhiteElo "2282"]
[BlackElo "2364"]

1.d4 Nf6 2.c4 e6 3.Nc3 Bb4 4.e3 b6 5.Ne2 Bb7 6.a3 Bd6 7.Qd3 c5 8.d5 exd5
9.cxd5 O-O 10.g3 Ba6 11.Qc2 b5 12.Bg2 b4 13.axb4 cxb4 14.Nb1 Qe7 15.O-O Rc8
16.Qd1 Ne4 17.Nd2 Nc5 18.Nf3 Bd3 19.Nfd4 Nba6 20.Re1 Qf6 21.f3 Be5 22.f4 Bc7
23.e4 Bxe4 24.Bxe4 Nxe4 25.d6 Qxd6 26.Nf5 Qf6 27.Qd5 Bb6+ 28.Ned4 Nac5 29.Kg2
Re8 30.g4 Qg6 31.Ne7+ {#r} 1-0

[Event "Memorial Elekes"]
[Site "masterchessopen.com Budapest (Hungary)"]
[Round "0"]
[White "Lutz Christopher (GER)"]
[Black "Zsinka Laszlo (HUN)"]
[Result "0-1"]
[WhiteElo "2571"]
[BlackElo "2286"]

1.d4 Nf6 2.c4 e6 3.Nc3 Bb4 4.e3 b6 5.Ne2 Ne4 6.Bd2 Nxd2 7.Qxd2 Ba6 8.a3 Bxc3
9.Qxc3 O-O 10.b4 Bb7 11.Nf4 d6 12.Be2 Nd7 13.d5 e5 14.Nd3 Qh4 15.O-O Nf6 16.f3
Nh5 17.Rad1 Rad8 18.c5 Bc8 19.Nf2 f5 20.cxd6 cxd6 21.Rc1 f4 22.Rfe1 fxe3
23.Qxe3 Nf4 24.g3 Nxe2+ 25.Rxe2 Qh5 26.Kg2 Bb7 27.Rd2 Qf7 28.Ne4 Bxd5 29.Ng5
Qb7 30.Qd3 Bxf3+ 31.Nxf3 e4 32.Qb3+ Kh8 33.Ne1 e3+ 34.Rd5 Rf5 35.Rd1 Rdf8
36.Qc4 Rf2+ 37.Kh3 Qd7+ 38.g4 R8f4 {#R} 0-1

[Event "It (open)"]
[Site "masterchessopen.com Cagnes Sur Mer (France)"]
[Round "5"]
[White "Bosbach Stefan (GER)"]
[Black "Gautier Serge (FRA)"]
[Result "0-1"]
[WhiteElo "2169"]
[BlackElo "2141"]

1.d4 Nf6 2.c4 e6 3.Nc3 Bb4 4.e3 b6 5.Ne2 Bb7 6.a3 Bxc3+ 7.Nxc3 d5 8.cxd5 exd5
9.Bd3 O-O 10.O-O c5 11.Qc2 Nc6 12.dxc5 bxc5 13.b3 Rc8 14.Bf5 Rc7 15.Nb5 Ba6
16.Nxc7 Bxf1 17.Ne6 fxe6 18.Bxe6+ Kh8 19.Qxc5 Ne4 20.Qxd5 Qf6 21.Ra2 Nc3 {#R}
0-1

[Event "It (open)"]
[Site "masterchessopen.com Canary Islands (Spain)"]
[Round "0"]
[White "Aguirre Lorenzo Luis (ESP)"]
[Black "Rubio Purrinos Hugo (ESP)"]
[Result "0-1"]
[WhiteElo "2090"]
[BlackElo "2235"]

1.d4 Nf6 2.c4 e6 3.Nc3 Bb4 4.e3 b6 5.Ne2 Ne4 6.Bd2 Nxd2 7.Qxd2 Ba6 8.a3 Bxc3
9.Nxc3 d5 10.b3 O-O 11.Be2 c6 12.O-O Qe7 13.Rfc1 dxc4 14.bxc4 Nd7 15.d5 Nc5
16.d6 Qf6 17.Rab1 Rfd8 18.Bf3 Rac8 19.Rb4 Qe5 20.Rd1 Nb7 21.d7 Rc7 22.Qd4 Qxd4
23.Rxd4 c5 24.Bxb7 Rxb7 25.Re4 {#R} 0-1

[Event "Ch France (team)"]
[Site "masterchessopen.com France"]
[Round "0"]
[White "Guigonis Dominique (FRA)"]
[Black "Daumens Michel (FRA)"]
[Result "1-0"]
[WhiteElo "2293"]
[BlackElo "2147"]

1.d4 Nf6 2.c4 e6 3.Nc3 Bb4 4.e3 b6 5.Ne2 Bb7 6.a3 Be7 7.b4 d6 8.d5 Nbd7 9.Qb3
a5 10.Rb1 axb4 11.axb4 c6 12.dxe6 fxe6 13.Nf4 Nf8 14.Be2 d5 15.cxd5 cxd5
16.O-O g5 17.Nh5 Ng6 18.Rd1 Kf7 19.e4 d4 20.Be3 dxe3 21.Rxd8 exf2+ 22.Kxf2
Rhxd8 23.Kg1 Nxh5 24.Bxh5 Bf6 25.Rf1 Ke7 26.Bxg6 hxg6 27.Nb5 Be5 28.Qe3 Bf4
29.Qc3 Rf8 30.g3 Rac8 31.Qd4 Bb8 32.Qg7+ {#r} 1-0

[Event "Bundesliga 1989/90"]
[Site "masterchessopen.com Germany"]
[Round "0"]
[White "Schischke Reinhard (GER)"]
[Black "Beckmann Klaus (GER)"]
[Result "1-0"]
[WhiteElo "2219"]
[BlackElo "2296"]

1.d4 Nf6 2.c4 e6 3.Nc3 Bb4 4.e3 b6 5.Ne2 c5 6.a3 Ba5 7.Bd2 O-O 8.Qb1 Na6 9.Ng3
Bb7 10.b4 cxb4 11.Na2 b3 12.Bxa5 bxa2 13.Rxa2 Qc7 14.Bd2 e5 15.d5 Nc5 16.Be2
Ba6 17.O-O Nb7 18.f4 Bxc4 19.Rc2 b5 20.d6 Qb6 21.Bxc4 bxc4 22.Rb2 Qxd6 23.fxe5
Qxe5 24.Rxb7 Rab8 25.Rxb8 Rxb8 26.Qc1 Qb2 27.Bc3 {#r} 1-0

[Event "Regionalliga NordN"]
[Site "masterchessopen.com Germany"]
[Round "0"]
[White "Feick Stefan (GER)"]
[Black "Peters Carsten (GER)"]
[Result "0-1"]
[WhiteElo "2210"]
[BlackElo "2310"]

1.d4 Nf6 2.c4 e6 3.Nc3 Bb4 4.e3 b6 5.Ne2 Bb7 6.a3 Be7 7.d5 O-O 8.e4 Re8 9.Ng3
exd5 10.cxd5 Bd6 11.Be3 Be5 12.Bd3 Na6 13.O-O Nc5 14.Bxc5 bxc5 15.Kh1 c6 16.f4
Bxc3 17.bxc3 cxd5 18.e5 Ne4 19.Bxe4 dxe4 20.Nf5 Re6 21.Nd6 Bc6 22.Qd2 f6
23.Qa2 Kf8 24.Qc4 Rxd6 25.exd6 Qa5 26.Rfb1 Re8 27.Rb2 g6 28.h3 Kg7 29.Kh2 Re6
30.Rb8 Qa4 31.Qxa4 Bxa4 32.Ra8 Rxd6 33.Rxa7 Bc6 34.Ra2 e3 35.Re2 Rd2 {#R} 0-1

[Event "Ch Hessen (qual) (a)"]
[Site "masterchessopen.com Hessen (Germany)"]
[Round "1"]
[White "Klingelhoefer Stefan (GER)"]
[Black "Boehme Erich (GER)"]
[Result "1-0"]
[WhiteElo "2230"]
[BlackElo "1917"]

1.d4 Nf6 2.c4 e6 3.Nc3 Bb4 4.e3 b6 5.Ne2 Bb7 6.a3 Bxc3+ 7.Nxc3 d5 8.cxd5 exd5
9.g3 O-O 10.Bg2 Ba6 11.Ne2 Nbd7 12.O-O Rc8 13.Re1 c5 14.Nf4 Bb7 15.dxc5 Nxc5
16.b3 Re8 17.Bb2 Nce4 18.Bd4 Rc7 19.Rc1 Rxc1 20.Qxc1 Nd7 21.f3 Nef6 22.Qc3 Qa8
23.Bh3 Rc8 24.Qb2 Rc7 25.Bxd7 Rxd7 26.Bxf6 gxf6 27.Qxf6 Qf8 28.Nh5 Rd6 29.Qg5+
Rg6 30.Qe5 Qd8 31.Rd1 Qd6 32.Qe8+ Qf8 33.Qd7 Qb8 34.Rc1 Rd6 35.Qc7 Rd8 36.Qe7
{#r} 1-0

[Event "It"]
[Site "masterchessopen.com Joensuu (Finland)"]
[Round "0"]
[White "Baginskaite Camilla (USA)"]
[Black "Jouhki Yrjo Markus (FIN)"]
[Result "1-0"]
[WhiteElo "2358"]
[BlackElo "2282"]

1.d4 Nf6 2.c4 e6 3.Nc3 Bb4 4.e3 b6 5.Ne2 c5 6.a3 Ba5 7.d5 O-O 8.g3 Bb7 9.Bg2
e5 10.O-O Bxc3 11.Nxc3 Ne8 12.e4 Nd6 13.b3 Na6 14.f4 f6 15.Be3 Nc7 16.fxe5
fxe5 17.Qg4 Rxf1+ 18.Rxf1 Nf7 19.Bh3 Bc8 20.d6 Ne8 21.Rxf7 Kxf7 22.Qh5+ Kg8
23.Bg5 Nf6 24.Bxf6 Qxf6 25.Nd5 Qf7 26.Ne7+ Kf8 27.Qxh7 Ke8 28.Bf5 Kd8 29.Qh8+
Qe8 30.Qxg7 Qh5 31.g4 {#r} 1-0

[Event "It (open)"]
[Site "masterchessopen.com Le Fonti (Italy)"]
[Round "0"]
[White "Brito Garcia Alfredo (ESP)"]
[Black "Michalet Guy (FRA)"]
[Result "0-1"]
[WhiteElo "2315"]
[BlackElo "2176"]

1.d4 Nf6 2.c4 e6 3.Nc3 Bb4 4.e3 b6 5.Ne2 Bb7 6.a3 Be7 7.f3 d5 8.cxd5 Nxd5
9.Ng3 h5 10.Qa4+ Kf8 11.Bd2 h4 12.Nge4 h3 13.O-O-O hxg2 14.Bxg2 Nd7 15.Kb1 c6
16.Nf2 a5 17.Nxd5 exd5 18.Qc2 b5 19.Nd3 Nb6 20.Nc5 Bc8 21.h4 Nc4 22.Bc1 Bxc5
23.dxc5 a4 24.e4 Qf6 25.Bg5 Qg6 26.f4 Bg4 27.Rdf1 dxe4 28.Bxe4 Qxe4 {#R} 0-1

[Event "It (open)"]
[Site "masterchessopen.com Lugano (Switzerland)"]
[Round "6"]
[White "Kluss Kai (GER)"]
[Black "Leuba Didier (SUI)"]
[Result "1-0"]
[WhiteElo "2150"]
[BlackElo "2219"]

1.d4 e6 2.c4 Nf6 3.Nc3 Bb4 4.e3 b6 5.Ne2 Ne4 6.f3 Nxc3 7.Nxc3 Bb7 8.Bd2 Qh4+
9.g3 Qh5 10.Bg2 O-O 11.O-O Ba6 12.f4 Qxd1 13.Rfxd1 c6 14.Nb5 Bxd2 15.Rxd2 Rc8
16.Nd6 Rc7 17.Ne8 Rc8 18.Nd6 Rc7 19.b4 Bc8 20.Ne8 Rb7 21.Nd6 Rc7 22.c5 Na6
23.Rb2 Kf8 24.e4 Nb8 25.Kf2 b5 26.a4 bxa4 27.Rxa4 Ba6 28.Ra3 e5 29.fxe5 Bb5
30.Ra5 a6 31.Ke3 {#r} 1-0

[Event "Ch Great Britain"]
[Site "masterchessopen.com Plymouth (England)"]
[Round "0"]
[White "Ravi Lanka (IND)"]
[Black "Cullip Stephen (ENG)"]
[Result "1-0"]
[WhiteElo "2410"]
[BlackElo "2305"]

1.d4 Nf6 2.c4 e6 3.Nc3 Bb4 4.e3 b6 5.Ne2 Bb7 6.a3 Be7 7.d5 O-O 8.g3 b5 9.b3
bxc4 10.bxc4 Na6 11.Bg2 Nc5 12.O-O Rb8 13.a4 Re8 14.Qc2 c6 15.Rd1 Qc7 16.Nd4
Na6 17.d6 Qxd6 18.Nxc6 Nb4 19.Nxb4 Qxb4 20.Rb1 Qxc4 21.Rxb7 Rxb7 22.Bxb7 d5
23.Qd3 Qxd3 24.Rxd3 Rb8 25.Ba6 Bb4 26.Na2 Bf8 27.Rc3 Ne4 28.Rc8 Rb3 29.Kg2 Nc5
30.Be2 Nxa4 31.Bd1 Nb6 32.Rxf8+ {#r} 1-0

[Event "It"]
[Site "masterchessopen.com Salamanca (Spain)"]
[Round "0"]
[White "Franco Ocampos Zenon (PAR)"]
[Black "Lima Darcy (BRA)"]
[Result "1-0"]
[WhiteElo "2475"]
[BlackElo "2380"]

1.c4 e6 2.d4 Nf6 3.Nc3 Bb4 4.e3 b6 5.Ne2 Ne4 6.Qc2 Bb7 7.a3 Bxc3+ 8.Nxc3 Nxc3
9.Qxc3 Qh4 10.b4 O-O 11.Bb2 d6 12.d5 e5 13.Bd3 c6 14.e4 f5 15.exf5 cxd5
16.cxd5 Bxd5 17.O-O Nc6 18.f4 Nd4 19.Rae1 Qg4 20.Qd2 Nf3+ 21.Rxf3 Bxf3 22.fxe5
dxe5 23.h3 Qh4 24.Rxe5 Bh5 25.Re4 Qd8 26.Rd4 Qe8 27.Rd7 Rf7 28.Bc4 Rc8 29.Be6
{#r} 1-0

[Event "Ch Finland"]
[Site "masterchessopen.com Tampere (Finland)"]
[Round "0"]
[White "Koskinen Henri (FIN)"]
[Black "Raaste Eero J (FIN)"]
[Result "0-1"]
[WhiteElo "2265"]
[BlackElo "2299"]

1.d4 Nf6 2.c4 e6 3.Nc3 Bb4 4.e3 b6 5.Ne2 Ne4 6.Bd2 Nxd2 7.Qxd2 f5 8.a3 Be7
9.d5 O-O 10.dxe6 dxe6 11.Qxd8 Rxd8 12.Nb5 a6 13.Nbc3 Bb7 14.Rd1 Nd7 15.Nf4 Kf7
16.Nd3 Bf6 17.Rc1 c5 18.f3 Bh4+ 19.Ke2 Bf6 20.Nd1 Rac8 21.N1f2 Bc6 22.Rg1 b5
23.b3 bxc4 24.bxc4 Rb8 25.g4 g6 26.e4 Bd4 27.Rg3 f4 28.Rh3 Kg7 29.g5 e5 30.Ng4
Rb3 31.Nf6 h5 32.Nd5 Rdb8 33.Rc2 Rxa3 34.Rh4 Rb1 35.Bh3 Ba4 36.Rd2 Nb6
37.N5xf4 exf4 38.Rxf4 Nxc4 39.Be6 Nd6 40.e5 Nf5 {#R} 0-1

[Event "It \"]
[Site "masterchessopen.com Budapest (Hungary)"]
[Round "1"]
[White "Cardon Helmut (NED)"]
[Black "Luce Sebastien (FRA)"]
[Result "0-1"]
[WhiteElo "2385"]
[BlackElo "2415"]

1.d4 Nf6 2.c4 e6 3.Nc3 Bb4 4.e3 b6 5.Ne2 Ne4 6.Bd2 Nxd2 7.Qxd2 Ba6 8.a3 Be7
9.Nf4 Bg5 10.Be2 Nc6 11.b4 Ne7 12.Nh3 Bh6 13.d5 O-O 14.O-O g6 15.Rfd1 Nf5
16.g3 e5 17.Qc2 d6 18.Bf1 Bc8 19.c5 bxc5 20.bxc5 dxc5 21.Kh1 Nd6 22.Ng1 Bf5
23.e4 Bd7 24.Na4 Bxa4 25.Qxa4 f5 26.f4 exf4 27.e5 Ne4 28.Nf3 fxg3 29.d6 cxd6
30.exd6 Bf4 31.d7 gxh2 32.Bc4+ Kg7 33.Bd5 Bc7 34.Bxe4 fxe4 35.Qxe4 Qf6 36.Rf1
Rad8 37.Rad1 Rf7 38.Nxh2 Qe5 {#R} 0-1

[Event "It (open)"]
[Site "masterchessopen.com Cannes (France)"]
[Round "0"]
[White "Schienmann Bruno (GER)"]
[Black "Adams Michael (ENG)"]
[Result "1-0"]
[WhiteElo "2235"]
[BlackElo "2590"]

1.d4 Nf6 2.c4 e6 3.Nc3 Bb4 4.e3 b6 5.Ne2 Ne4 6.Bd2 Nxd2 7.Qxd2 O-O 8.a3 Be7
9.g3 Bb7 10.d5 c5 11.Bg2 d6 12.f4 Nd7 13.O-O e5 14.f5 Nf6 15.Ne4 Rb8 16.N2c3
Nxe4 17.Bxe4 Bf6 18.a4 Bc8 19.Bd3 e4 20.Nxe4 Be5 21.f6 g6 22.Qg2 h5 23.h3 Qd7
24.Ng5 a6 25.Qc2 Bxg3 26.Bxg6 Bh4 27.Bh7+ Kh8 28.Bg8 Qf5 29.Rxf5 Rxg8 30.Kh1
Rxg5 31.Rxg5 Bxg5 32.Qe2 Bxf6 33.Rg1 Bf5 34.Qf3 {#r} 1-0

[Event "It"]
[Site "masterchessopen.com Leningrad (Russia)"]
[Round "0"]
[White "Cherepkov Alexander V (RUS)"]
[Black "Anastasian Ashot (ARM)"]
[Result "1-0"]
[WhiteElo "2395"]
[BlackElo "2540"]

1.d4 Nf6 2.c4 e6 3.Nc3 Bb4 4.e3 b6 5.Ne2 Bb7 6.a3 Bxc3+ 7.Nxc3 d5 8.Be2 O-O
9.O-O Nbd7 10.b4 e5 11.dxe5 Nxe5 12.cxd5 Nxd5 13.Nxd5 Bxd5 14.Bb2 Nc4 15.Bxc4
{#r} 1-0

[Event "It (open)"]
[Site "masterchessopen.com Mar del Plata (Argentina)"]
[Round "0"]
[White "Suarez Jose Luis (ARG)"]
[Black "Soppe Guillermo (ARG)"]
[Result "1-0"]
[WhiteElo "2149"]
[BlackElo "2424"]

1.d4 Nf6 2.c4 e6 3.Nc3 Bb4 4.e3 b6 5.Ne2 Ne4 6.Bd2 Nxd2 7.Qxd2 Bb7 8.a3 Be7
9.d5 O-O 10.g3 a5 11.Bg2 Na6 12.O-O Qc8 13.Nd4 c6 14.f4 Rd8 15.f5 exd5 16.f6
Bxf6 17.Rxf6 gxf6 18.Nf5 Qc7 19.e4 {#r} 1-0

[Event "It (open) (w)"]
[Site "masterchessopen.com Moscow (Russia)"]
[Round "0"]
[White "Baginskaite Camilla (USA)"]
[Black "Skegina Klaara (ISR)"]
[Result "1-0"]
[WhiteElo "2358"]
[BlackElo "2155"]

1.d4 Nf6 2.c4 e6 3.Nc3 Bb4 4.e3 b6 5.Ne2 Bb7 6.a3 Bxc3+ 7.Nxc3 c5 8.d5 d6 9.e4
e5 10.Bd3 O-O 11.O-O Nbd7 12.f4 Re8 13.fxe5 dxe5 14.Bg5 Qb8 15.b4 cxb4 16.axb4
Rc8 17.Na4 Qd6 18.Bxf6 gxf6 19.Qh5 a5 20.c5 bxc5 21.bxc5 Nxc5 22.Rf3 Nxd3
23.Rxd3 Rc4 24.Qh6 Qf8 25.Rg3+ {#r} 1-0

[Event "Olympiad"]
[Site "masterchessopen.com Novi Sad (Yugoslavia)"]
[Round "0"]
[White "Sokolov Ivan (NED)"]
[Black "Korchnoi Viktor (SUI)"]
[Result "1-0"]
[WhiteElo "2673"]
[BlackElo "2630"]

1.d4 Nf6 2.c4 e6 3.Nc3 Bb4 4.e3 b6 5.Ne2 Ne4 6.Qc2 Bb7 7.a3 Bxc3+ 8.Nxc3 Nxc3
9.Qxc3 Qh4 10.b3 O-O 11.Bb2 f6 12.d5 exd5 13.Rd1 d4 14.Rxd4 Qh5 15.Be2 Qg6
16.Rg4 Qb1+ 17.Bd1 Nc6 18.O-O Qf5 19.Rg3 Qe5 20.Qd2 Qe8 21.Bc2 Ne5 22.h4 d6
23.Qe2 f5 24.f4 Ng4 25.Bxf5 Rxf5 26.Qxg4 Rf7 27.Bxg7 Qd7 28.Qxd7 Rxd7 29.Bc3+
Kf8 30.f5 Re8 31.f6 Be4 32.Rf4 Bg6 33.Kf2 Kf7 34.h5 {#r} 1-0

[Event "Tournament"]
[Site "masterchessopen.com Provence (France)"]
[Round "3"]
[White "Cortes Antoine (FRA)"]
[Black "Rotsaert JL"]
[Result "1-0"]
[WhiteElo "2149"]
[BlackElo "2030"]

1.d4 Nf6 2.c4 e6 3.Nc3 Bb4 4.e3 b6 5.Ne2 Bb7 6.a3 Be7 7.f3 d5 8.cxd5 exd5
9.Ng3 O-O 10.Bd3 g6 11.O-O Kg7 12.Bc2 h5 13.e4 h4 14.Nge2 h3 15.Nf4 hxg2
16.Rf2 dxe4 17.Rxg2 exf3 18.Rxg6+ fxg6 19.Ne6+ Kh8 20.Nxd8 Bxd8 21.d5 Be7
22.Be3 Nc6 23.dxc6 Bxc6 24.Qf1 Kg7 25.Qd3 Be8 26.Ne4 Rd8 27.Qc3 c5 28.Ng5 Bd7
29.Rd1 Bf5 30.Rxd8 Rxd8 31.Bxf5 Rd1+ 32.Kf2 gxf5 33.Nxf3 Kg6 34.Qb3 Ng4+
35.Ke2 Rd8 36.Qe6+ Bf6 {#r} 1-0

[Event "Ch RLP"]
[Site "masterchessopen.com Rheinland-Pfalz (Germany)"]
[Round "10"]
[White "Ludy Klaus (GER)"]
[Black "Schreiter Thomas (GER)"]
[Result "1-0"]
[WhiteElo "2077"]
[BlackElo "2115"]

1.d4 Nf6 2.c4 e6 3.Nc3 Bb4 4.e3 b6 5.Ne2 O-O 6.a3 Bxc3+ 7.Nxc3 d5 8.Be2 Bb7
9.O-O dxc4 10.Bxc4 Nbd7 11.Qe2 c5 12.Rd1 Qe7 13.b3 Rfd8 14.Bb2 Nf8 15.dxc5
Qxc5 16.Nb5 e5 17.Rac1 Qe7 18.a4 Ne4 19.Ba3 Nc5 20.Nc3 Qg5 21.f3 Qf6 22.Nd5
Bxd5 23.Bxd5 Rac8 24.Rc2 Nce6 25.Rcd2 Qg5 26.Bb2 Nc7 27.Bc4 Rxd2 28.Qxd2 h5
29.f4 exf4 30.exf4 Qf5 31.Qc3 Nce6 32.Bxe6 Rxc3 33.Bxf5 Rxb3 34.Be5 g6 35.Bc2
Rb4 36.Rd8 {#r} 1-0

[Event "It (open)"]
[Site "masterchessopen.com Stockholm (Sweden)"]
[Round "0"]
[White "Hallerod Ralph (SWE)"]
[Black "Bator Robert (SWE)"]
[Result "0-1"]
[WhiteElo "2122"]
[BlackElo "2411"]

1.d4 Nf6 2.c4 e6 3.Nc3 Bb4 4.e3 b6 5.Ne2 Ne4 6.Qc2 Bb7 7.f3 Nxc3 8.bxc3 Be7
9.e4 O-O 10.Ng3 c5 11.d5 e5 12.Bd3 d6 13.O-O Bg5 14.f4 exf4 15.Bxf4 Bxf4
16.Rxf4 g6 17.e5 dxe5 18.Rg4 Bc8 19.Bf5 Bxf5 20.Nxf5 Kh8 21.Rf1 gxf5 22.Qxf5
Nd7 23.Rf3 Qf6 24.Qxd7 Qh6 25.Qf5 f6 26.Re4 Qg6 27.Rxe5 fxe5 {#R} 0-1

[Event "It (cat.13)"]
[Site "masterchessopen.com Wijk aan Zee (Netherlands)"]
[Round "0"]
[White "Petursson Margeir (ISL)"]
[Black "Nijboer Friso (NED)"]
[Result "1-0"]
[WhiteElo "2555"]
[BlackElo "2485"]

1.d4 Nf6 2.c4 e6 3.Nc3 Bb4 4.e3 b6 5.Ne2 Bb7 6.a3 Be7 7.Ng3 d5 8.cxd5 Nxd5
9.Bb5+ c6 10.Bc4 O-O 11.e4 Nxc3 12.bxc3 c5 13.O-O Nc6 14.Be3 Rc8 15.Ba2 cxd4
16.cxd4 Na5 17.Qd3 Qd6 18.d5 g6 19.e5 Qxe5 20.dxe6 fxe6 21.Qd4 Rc5 22.Qd7 Qd6
23.Bxe6+ Kg7 24.Bd4+ Kh6 {#r} 1-0

[Event "Ch Denmark (team) 1991/92"]
[Site "masterchessopen.com Denmark"]
[Round "1"]
[White "Kjeldsen Jens (DEN)"]
[Black "Hutters Tomas (DEN)"]
[Result "1-0"]
[WhiteElo "2295"]
[BlackElo "2426"]

1.d4 Nf6 2.c4 e6 3.Nc3 Bb4 4.e3 b6 5.Ne2 Ne4 6.Qc2 Bb7 7.a3 Bxc3+ 8.Nxc3 Nxc3
9.Qxc3 f5 10.d5 Qe7 11.dxe6 dxe6 12.b4 O-O 13.Bb2 Nd7 14.Be2 e5 15.O-O c5
16.b5 Rf6 17.Rad1 Rh6 18.f3 Re8 19.Qd3 Qh4 20.Qxd7 Qxh2+ 21.Kf2 Qh4+ 22.g3
{#r} 1-0

[Event "It (open)"]
[Site "masterchessopen.com Moscow (Russia)"]
[Round "4"]
[White "Nikitin Aleksander S (RUS)"]
[Black "Korjabkin A (RUS)"]
[Result "1-0"]
[WhiteElo "2430"]
[BlackElo "2362"]

1.d4 Nf6 2.c4 e6 3.Nc3 Bb4 4.e3 b6 5.Ne2 Bb7 6.a3 Be7 7.d5 b5 8.dxe6 fxe6
9.cxb5 O-O 10.Nf4 g5 11.Nd3 d5 12.h4 gxh4 13.Rxh4 c5 14.bxc6 Nxc6 15.b4 a6
16.Bb2 e5 17.Qb3 Bc8 18.Rc1 Be6 19.Nd1 Qe8 20.g3 Bd6 21.Bh3 Bxh3 22.Rxh3 Rc8
23.Rh4 Qf7 24.Rh6 Kg7 25.Rh4 Kg8 26.Qa4 Qb7 27.Nc5 Bxc5 28.Rxc5 Rfe8 29.Qc2
Ne4 30.Rxd5 Nxb4 31.Qxe4 Nxd5 32.Bxe5 Re6 33.Qg4+ {#r} 1-0

[Event "Izt (w)"]
[Site "masterchessopen.com Subotica (Yugoslavia)"]
[Round "0"]
[White "Maksimovic Suzana (SRB)"]
[Black "Galliamova Alisa (RUS)"]
[Result "0-1"]
[WhiteElo "2223"]
[BlackElo "2498"]

1.d4 Nf6 2.c4 e6 3.Nc3 Bb4 4.e3 b6 5.Ne2 c5 6.a3 Ba5 7.Rb1 Na6 8.Qa4 Bb7 9.Bd2
Bc6 10.Qc2 O-O 11.Ng3 Qe7 12.d5 Bb7 13.Bd3 exd5 14.cxd5 g6 15.Qa4 Rac8 16.O-O
h5 17.Rfd1 Ng4 18.Qf4 Ne5 19.d6 Qe6 20.Be4 Bc6 21.Nd5 Bxd5 22.Bxa5 Bxe4 23.Bc3
Bxb1 24.Bxe5 h4 25.Bf6 hxg3 26.Qh4 gxf2+ 27.Kh1 Qxf6 28.Qxf6 Bf5 29.e4 Rfe8
30.Qh4 Rxe4 31.Qxf2 Rce8 32.h3 Re2 33.Qf1 R8e3 34.Kg1 Be4 35.Qf4 Rxg2+ 36.Kf1
Rf3+ {#R} 0-1

[Event "Ch Sweden"]
[Site "masterchessopen.com Borlange (Sweden)"]
[Round "1"]
[White "Ornstein Axel (SWE)"]
[Black "Hellsten Johan (SWE)"]
[Result "1-0"]
[WhiteElo "2413"]
[BlackElo "2550"]

1.c4 Nf6 2.Nc3 e6 3.d4 Bb4 4.e3 b6 5.Ne2 Ne4 6.Qc2 Bb7 7.a3 Bxc3+ 8.Nxc3 Nxc3
9.Qxc3 O-O 10.b4 d6 11.Bb2 f5 12.d5 e5 13.Bd3 Nd7 14.O-O Qe7 15.f4 e4 16.Be2
Nf6 17.h3 Bc8 18.Kh2 Bd7 19.Qe1 a5 20.Qg3 Ba4 21.Qg5 Qd7 22.Rfc1 Bb3 23.b5 a4
24.Bd4 Rae8 25.Rc3 Re7 26.Rg1 Rff7 27.Rcc1 Kf8 28.g4 Ne8 29.Qh4 g6 30.Qh6+ Kg8
31.gxf5 Rxf5 32.Bg4 Ref7 33.Bxf5 Rxf5 34.Rg5 Ng7 35.Bxg7 Rxg5 36.fxg5 {#r} 1-0